000 00668nam a2200217Ia 4500
003 GCL
008 140319s9999 xx 000 0 ara d
040 _aGCL /
_cGCL
082 0 4 _a629.41
_bك ا
100 1 _aمحمد عاطف البرقوقى
245 1 0 _aاستكشاف الفضاء /
_cمحمد عاطف البرقوقى
700 1 _aكلارك, ارثر
700 1 _aبطرس طويل
300 _a380 ص
490 _aالهيئة العامة للاستعلامات
_v0
650 0 4 _aمركبات الفضاء
650 0 4 _aرحلات الفضاء
650 0 4 _aالفضاء الخارجى
650 0 4 _aهندسة الفضاء
942 _2ddc
_cBK
999 _c49932
_d49932